| 000 | 00547nam a2200193Ia 4500 | ||
|---|---|---|---|
| 008 | 120912t2001 xxu||||| |||| 00| 0 sin d | ||
| 041 | _asin | ||
| 080 |
_a8-31 (eng) _bLON |
||
| 100 | _aLondon,Jack | ||
| 245 | _aමුහුදු වෘකයා | ||
| 246 | _aMuhudu Wurkaya | ||
| 260 |
_aWijesuriya _aMulleriyawa _c2001 |
||
| 300 | _b360p, ill, 21 cm | ||
| 500 | _aSinhalese Translation Of Jack London's of The Sea Wolf | ||
| 700 |
_aGunasekara,Dhanapala _etr. |
||
| 942 | _cBK | ||
| 999 |
_c40400 _d40400 |
||
| 003 | LK-CoDNM | ||
| 040 |
_aLK-CoDNM _dLK-CoDNM _eLK-CoDNM |
||